Didáctica de la matemática moderna en la enseñanza media
Enregistré dans:
| Auteur principal: | |
|---|---|
| Format: | Livre |
| Langue: | espagnol |
| Publié: |
Barcelona
Teide
1968
|
| Collection: | Enseñanza de la Matemática, 3
|
| Sujets: | |
| Tags: |
Ajouter un tag
Pas de tags, Soyez le premier à ajouter un tag!
|
MARC
| LEADER | 00000nam a2200000 a 4500 | ||
|---|---|---|---|
| 001 | UCZ6491 | ||
| 003 | CL-VaPUC | ||
| 008 | 951211e19680000SP |||||||||||||||||spa|d | ||
| 082 | 0 | 4 | |a 510.0712 |b FLE |2 21 |
| 100 | 0 | |a Fletcher, T. J |e author |9 350826 | |
| 245 | 1 | 0 | |a Didáctica de la matemática moderna en la enseñanza media |
| 300 | |a 461 p | ||
| 942 | |c BK | ||
| 945 | |d 19951211 00:00:00 |a cmena | ||
| 260 | |a Barcelona |b Teide |c 1968 | ||
| 650 | 0 | |a Matemática |9 260235 | |
| 650 | 0 | |a Matemáticas |x Enseñanza |9 875527 | |
| 650 | 0 | |a Métodos de enseñanza |9 270413 | |
| 583 | |a last modification |c 19951211 00:00:00 |k Rodrigo Vera | ||
| 490 | 0 | |a Enseñanza de la Matemática, 3 | |
| 999 | |c 242690 |d 242688 | ||
| 952 | |0 0 |1 0 |4 0 |6 510_071200000000000_FLE_1968 |7 0 |8 P |9 255806 |a BIBEDU |b BIBEDU |c BIBEDU_PB |d 2019-11-19 |i 1603183 |o 510.0712 FLE 1968 |p 1603183 |r 2024-01-25 |w 2019-11-19 |y BK |k EDU | ||